Affrontez l'Alphabet #11 - Statistiques

Statistiques générales
  • Ce quiz a été pris 153 fois
  • Le résultat moyen est 5 sur 11
Statistiques - réponses
Hint Réponse % Correct
Donne les 2 lettres qui complètent le nom de cette émission de TV : _e_o Masters
LG / GL
100%
Donne les 2 lettres manquantes dans le nom de la série de peintures à l'huile de Paul Cézanne dont ce tableau fait partie: Les Joueurs de Ca_ _ es
RT / TR
90%
Donne les 2 lettres qui manquent dans le nom de ce film de 2018 : Rea_ _ Player One
DY / YD
77%
Donne les 2 lettres manquantes dans le nom de ce cocktail de couleur rose à base de vodka, de triple sec, de citron vert, et de jus de canneberge : _os_opolitan
CM / MC
63%
Donne les 2 lettres manquantes dans le nom de cette série TV de 103 épisodes (1987-1991) : 21 _um_ Street
JP / PJ
63%
Donne les 2 lettres manquantes dans le slogan de François Asselineau à la présidentielle de 2017 : Le candidat du _rex_t FI / IF
52%
Donne les 2 lettres qui complètent les paroles de la chanson "Et si tu n'existais pas" de Joe Dassin : Et si tu n'existais pas J'essaierais d'inventer l'amour Comme un peintre qui _ _it sous ses doigts Naître les couleurs du jour Et qui n'en revient pas VO / OV
35%
Donne les 2 lettres manquantes dans le nom de la franchise NBA de cette mascotte : _i_ards de Washington
WZ / ZW
29%
Donne les 2 lettres manquantes dans le nom de la région de Chine ici en rouge qui a pour capitale Wuhan : H_ _ei
UB / BU
13%
Donne les 2 lettres manquantes dans cette locution latine signifiant « D'au-delà. » : Ab _ _tra EX / XE
9%
Dernière Question : Donne la lettre la plus présente dans le nom de cette série de jeu vidéo (dont voici une image du 2e opus) :
S (aSSaSSin'S Creed
7%
Aucun quiz correspondant
Distribution des résultats
% des personnes avec chaque résultat
Percentile par nombre de réponses
Votre historique - résultats
Vous n’avez pas pris ce quiz